000 002730000a22001210004500
082 0 4 _aDVD 064
110 1 _aColumbia Pictures
245 1 0 _aStuart Little 2 "La aventura continua"
260 _aArgentina: Videolar S.A.
505 0 0 _a77 minutos
001 2186
942 _cLGB
999 _c49332
_d49332